000 00775nam a2200277Ia 4500
003 OSt
005 20220925215307.0
006 a|||||r|||| 00| 0
007 ta
008 220923b |||||||| |||| 00| 0 eng d
020 _a43582841x
037 _cGeneral Book
040 _aRTL
_cRTL
_beng
041 _2eng
_aeng
082 _aV1,db4, K8
100 _aGoodwin G L
_9282509
245 0 _aResearch on international organization
260 _aLondon
_bHeinemann U. K.
_c1968
300 _axiii, 57p.
_ccm.
490 _aSocial Science Research Council
500 _aBibliography:P56-57
650 _aHistory
700 _a Strange Susan
_9105747
942 _hV1,db4, K8
_cGB
_2CC
999 _c568394
_d568394